Hướng dẫn học và ôn tập Sinh học 12
Nội dung sách cung cấp kiến thức cơ bản về môn sinh học và một số bài tập ôn luyện thi tốt nghiệp nhằm rèn luyện kỹ năng tự kiểm tra đánh giá lại kiến thức của mình.
Đã lưu trong:
| Príomhúdar: | |
|---|---|
| Formáid: | Leabhar |
| Teanga: | Undetermined |
| Foilsithe: |
Hà Nội
Giáo dục
2008
|
| Ábhair: | |
| Clibeanna: |
Cuir Clib Leis
Gan Chlibeanna, Bí ar an gcéad duine leis an taifead seo a chlibeáil!
|
| Thư viện lưu trữ: | Trung tâm Học liệu Trường Đại học Cần Thơ |
|---|
| LEADER | 00906nam a2200217Ia 4500 | ||
|---|---|---|---|
| 001 | CTU_182584 | ||
| 008 | 210402s9999 xx 000 0 und d | ||
| 020 | |c 19000 | ||
| 082 | |a 570.76 | ||
| 082 | |b L107 | ||
| 100 | |a Đặng, Hữu Lanh | ||
| 245 | 0 | |a Hướng dẫn học và ôn tập Sinh học 12 | |
| 245 | 0 | |c Đặng Hữu Lanh, Mai Sỹ Tuấn | |
| 260 | |a Hà Nội | ||
| 260 | |b Giáo dục | ||
| 260 | |c 2008 | ||
| 520 | |a Nội dung sách cung cấp kiến thức cơ bản về môn sinh học và một số bài tập ôn luyện thi tốt nghiệp nhằm rèn luyện kỹ năng tự kiểm tra đánh giá lại kiến thức của mình. | ||
| 650 | |a Biology,Sinh học | ||
| 650 | |x Study and teaching,Học và giảng dạy | ||
| 904 | |i Tuyến | ||
| 980 | |a Trung tâm Học liệu Trường Đại học Cần Thơ | ||